000 00964nam a2200277Ia 4500
003 OSt
005 20220930081529.0
006 a|||||r|||| 00| 0
007 ta
008 220926b |||||||| |||| 00| 0 eng d
024 _a107951
037 _cTheses
040 _aCRL
_cCRL
_beng
041 _2eng
_aeng
100 _aArora Madhur
_9541524
110 _aUniversity of Delhi. Faculty of Medical Sciences. Department of Anaesthesiology
_9519568
245 0 _aComparison of ketamine and fentanyl with propofol for the insertion of laryngeal mask airway in children
260 _c2009
300 _a72p.
_ap.
_ccm.
650 _aANESTHETICS
_9519569
700 _a Dr. Homay Vajifdar Gu.
_9535967
700 _a Dr. Ranju Singh Gu.
_9541525
700 _aUniversity of Delhi. Faculty of Medical Sciences. Department of Anaesthesiology
_9519571
942 _cDIS
_2CC
999 _c871583
_d871583